Catálogo público

agricultural and forest meteorology. (Record no. 104804)

MARC details
000 -CABECERA
campo de control de longitud fija 00955nas a2200313 a 4500
001 - NÚMERO DE CONTROL
campo de control 000108342
003 - IDENTIFICADOR DEL NÚMERO DE CONTROL
campo de control DLC
005 - FECHA Y HORA DE LA ÚLTIMA TRANSACCIÓN
campo de control 20220329144009.0
008 - DATOS DE LONGITUD FIJA--INFORMACIÓN GENERAL
campo de control de longitud fija 140130c19849999ne r1p|r 0 0eng d
010 ## - NÚMERO DE CONTROL DE LA BIBLIOTECA DEL CONGRESO
Número de control de LC 104804
011 ## - ENLACE DEL NUMERO DE CONTROL DE LA BIBLIOTECA DEL CONGRESO [OBSOLETO]
Número de control de LC 105776
022 ## - NÚMERO INTERNACIONAL NORMALIZADO PARA PUBLICACIONES SERIADAS
Número Internacional Normalizado para Publicaciones Seriadas 0168-1923
210 1# - TÍTULO ABREVIADO
Título abreviado Agric. for. meteorol
245 00 - MENCIÓN DE TÍTULO
Título agricultural and forest meteorology.
260 ## - PUBLICACIÓN, DISTRIBUCIÓN, ETC.
Lugar de publicación, distribución, etc. Amsterdam :
Nombre del editor, distribuidor, etc. Elsevier Science Publishers,
Fecha de publicación, distribución, etc. 1984.
300 ## - DESCRIPCIÓN FÍSICA
Extensión v.
310 ## - PERIODICIDAD ACTUAL
Periodicidad actual Mensual
362 1# - FECHAS DE PUBLICACIÓN Y/O DESIGNACIÓN SECUENCIAL
Fecha de publicación y/o designación secuencial v.149n. 12 2009
500 ## - NOTA GENERAL
Nota general Inicia en (año)con el vol. #, no. #
530 ## - NOTA DE FORMATO FÍSICO ADICIONAL DISPONIBLE
Nota de formato físico adicional disponible A partir del v.&& n.&,&&& disponible en línea
590 ## - NOTA LOCAL (RLIN)
Nota local E5765TAJ
Procedencia (VM) [OBSOLETO] 10
Condición del los carretes individuales (VM) [OBSOLETO] 20140130
-- UCH01
-- 0948
650 14 - PUNTO DE ACCESO ADICIONAL DE MATERIA--TÉRMINO DE MATERIA
Término de materia o nombre geográfico como elemento de entrada Cultivos y clima.
9 (RLIN) 30392
650 14 - PUNTO DE ACCESO ADICIONAL DE MATERIA--TÉRMINO DE MATERIA
Término de materia o nombre geográfico como elemento de entrada Meteorología agrícola.
9 (RLIN) 75217
650 14 - PUNTO DE ACCESO ADICIONAL DE MATERIA--TÉRMINO DE MATERIA
Término de materia o nombre geográfico como elemento de entrada Meteorología forestal.
9 (RLIN) 75222
780 00 - ENLACE A UN TÍTULO/ENTRADA ANTERIOR
Título Agricultural meteorology
Número Internacional Normalizado para Publicaciones Seriadas 0002-1571
856 40 - LOCALIZACIÓN Y ACCESO ELECTRÓNICOS
Especificación de materiales http://www.sciencedirect.com/science/journal/01681923
Nota pública Teclea aqui
901 ## - ELEMENTOS DE DATOS A LOCAL LDA (RLIN)
a SE
942 ## - ELEMENTOS DE PUNTO DE ACCESO ADICIONAL (KOHA)
Suprimir en OPAC 0

No items available.